000 00714nam a2200277Ia 4500
005 20260324135202.0
008 008 260324s9999 xx 000 0 eng d
020 _a9781410601582
037 _aEBOOK
040 _aCRL
040 _beng
040 _cCRL
041 _2eng
041 _aeng
084 _qCRL
100 _aW. Bruce Walsh; Samuel H. Osipow; Rosie P. Bingham; Connie M. Ward; Michael T. Brown
_91199648
245 0 _aCareer Counseling for African Americans
260 _bTaylor and Francis
260 _c2000
365 _a
365 _b53.99
856 _uhttp://www.taylorfrancis.com/books/9781410601582
942 _cEBOOK
999 _c1800469
_d1800469